An introduction to critical management research

Saved in:
Bibliographic Details
Format: Book
Tags: Add Tag
No Tags, Be the first to tag this record!
Call Number :

MARC

LEADER 00000pam a2200000 4500
001 27071
003 MY-KLNDU
005 20241218082212.0
020 0 0 |a 9781412901871 
035 |a 0000038873 
039 9 |a 201208281202  |b azraai  |c 200911181253  |d VLOAD  |y 200910091759  |z VLOAD 
040 |a FPPP 
245 0 3 |a An introduction to critical management research 
591 |a 0000009527  |b 13/07/09  |c 0198-07  |d 1  |e RM139.94  |f 1  |g 139.94  |h Pustaka Darul Warisan Sdn. Bhd. 
999 |a vtls000036746  |c 27071  |d 27071